Nuevo código nacional de policía y convivencia (Registro nro. 306554)

Detalles MARC
000 -ENCABEZADO
Número de control [NR] 01100cam a2200289 i 4500
001 - NÚMERO DE CONTROL
control field C01548891c-2
005 - FECHA Y HORA DE LA ÚLTIMA TRANSACCIÓN
control field 20170509103208.0
008 - DE LONGITUD FIJA DE DATOS DE ELEMENTOS - INFORMACIÓN GENERAL
Elementos de longitud fija [NR] 170509s2016 ck a rl 000 0 spa d
015 ## - NUMERO DE BIBLIOGRAFIA NACIONAL [R]
Número de bibliografía nacional [R] SSS
020 ## - NUMERO INTERNACIONAL NORMALIZADO PARA LIBROS [R]
Número Internacional Normalizado del libro [NR] 9789587674842
040 ## - FUENTE DE CATALOGACION [NR]
Agencia de catalogación original [NR] CO-BoUCM
Idioma de catalogación [NR] spa
Quien Cataloga Saul Niño
Quien Clasifica Saul Niño
Idioma de catalogación [NR] spa
041 0# - CODIGO DE IDIOMA [R]
Código de idioma para texto/pista de sonido o título separado [R] Español
110 1# - ASIENTO PRINCIPAL--NOMBRE CORPORATIVO [NR]
Nombre corporativo o de jurisdicción como elemento de entrada [NR] Colombia
Unidad subordinada [R] Código Nacional de Policia
ID de autoridad 85677
245 10 - MENCION DE TITULO [NR]
Título [NR] Nuevo código nacional de policía y convivencia
Parte restante del título [NR] ley 1801 de 2016
Mención de responsabilidad, etc. [NR] Elaborada por Édgar Simbaqueva Vásquez
246 30 - FORMA VARIANTE DEL TITULO [R]
Título propiamente dicho/forma breve del título [NR] Código nacional de policía y convivencia
246 30 - FORMA VARIANTE DEL TITULO [R]
Título propiamente dicho/forma breve del título [NR] ley 1801 de 2016
260 ## - PUBLICACION, DISTRIBUCION, ETC. (PIE DE IMPRENTA) [R]
Lugar de publicación, distribución, etc. [R] Bogotá (Colombia)
Nombre del editor, distribuidor, etc. [R] Legis
Fecha de publicación, distribución, etc. [R] 2016
300 ## - DESCRIPCION FISICA [R]
Extensión [R] xviii 181 páginas
Otros detalles físicos [NR] ilustraciones
650 #7 - ASIENTO SECUNDARIO DE MATERIA - TERMINO TEMATICO [R]
Término temático o nombre geográfico como elemento de entrada [NR] Policía
Subdivisión general [R] Legislación
Subdivisión geográfica [R] Colombia
9 (RLIN) 21891
650 #7 - ASIENTO SECUNDARIO DE MATERIA - TERMINO TEMATICO [R]
Término temático o nombre geográfico como elemento de entrada [NR] Derecho de policía
Subdivisión geográfica [R] Colombia
9 (RLIN) 12743
650 #7 - ASIENTO SECUNDARIO DE MATERIA - TERMINO TEMATICO [R]
Término temático o nombre geográfico como elemento de entrada [NR] Administración de justicia penal
Subdivisión geográfica [R] Colombia
9 (RLIN) 31272
650 #7 - ASIENTO SECUNDARIO DE MATERIA - TERMINO TEMATICO [R]
Término temático o nombre geográfico como elemento de entrada [NR] Poder de policía
Subdivisión geográfica [R] Colombia
9 (RLIN) 21758
650 #7 - ASIENTO SECUNDARIO DE MATERIA - TERMINO TEMATICO [R]
Término temático o nombre geográfico como elemento de entrada [NR] Reglamentos de policía
Subdivisión geográfica [R] Colombia
9 (RLIN) 77573
650 #7 - ASIENTO SECUNDARIO DE MATERIA - TERMINO TEMATICO [R]
Término temático o nombre geográfico como elemento de entrada [NR] Orden público
9 (RLIN) 20816
942 ## - ELEMENTOS DE ENTRADA AGREGADOS (KOHA)
Sistema de clasificación DEWEY
Tema principal Derecho
Tipo de ítem principal el descrito en 300a Libro
Edición 1
Clasificación 344.052
Parte restante de la signatura top. C386nu
Existencias
Fecha de último préstamo Total préstamos Total Renewals Signatura topográfica Código de barras Última vez visto Ejemplar Costo de reposición Price effective from Tipo de ítem Perdido Sistema de clasificación Dañado No prestable Tipo de ítem específico Suprimido Ubicación habitual Ubicación actual Localización Fecha de creación Proveedor Forma de adquisición Costo
28/03/2025 8 3 344.052 C386nu 100152879 03/07/2026 Ej.1 26000.00 25/04/2017 Libro   DEWEY     Libro   Claustro Claustro 3er piso 25/04/2017 12 Donación 0.00